| 000 -ლიდერი |
| ფიქსირებული სიგრძის საკონტროლო ველი |
01939nam a22002537a 4500 |
| 003 - საკონტროლო ნომრის იდენტიფიკატორი |
| საკონტროლო ველი |
Ge_BSU |
| 005 - ბოლო ოპერაციის თარიღი და დრო |
| საკონტროლო ველი |
20221021130928.0 |
| 008 - ფიქსირებული სიგრძის მონაცემთა ელემენტები - ზოგადი ინფორმაცია |
| ფიქსირებული სიგრძის საკონტროლო ველი |
221020s2020 ge ||||| |||| 00| 0 geo d |
| 020 ## - წიგნის საერთაშორისო სტანდარტული ნომერი |
| International Standard Book Number |
1987-9288. |
| 041 ## - ენის კოდი |
| Language code of text/sound track or separate title |
geo |
| 080 ## - უნივერსალური ათობითი კლასიფიკაციის ინდექსი |
| Universal Decimal Classification number |
001(479.22)(058) წ-35 |
| 245 ## - ცნობა სათაურის შესახებ |
| Title |
წელიწდეული : XII : |
| Remainder of title |
ეძღვნება ცნობილი ქართველოლოგის, საქართველოს სახელმწიფოებრივი დამოუკიდებლობის აქტზე ხელმომწერი საქართველოს უზენაესი საბჭოს დეპუტატის, ფილოლოგიის მეცნიერებათა დოქტორის, პროფესორ ტარიელ ფუტკარაძის სამოცი წლის იუბილეს |
| Statement of responsibility, etc |
პროექტის დირექტორი გრიგოლ ქობალიანი; რედ. ნომადი ბართაია, ლევან ბებურიშვილი და სხვ. |
| 264 ## - წარმოების, გამოცემის, დისტრიბუციის და სხვა ცნობები |
| გამოცემის, წარმოების, დისტრიბუციის... ადგილი |
ქუთაისი, |
| გამოცემის, წარმოების, დისტრიბუციის... თარიღი |
2020. |
| 300 ## - ფიზიკური აღწერა |
| Extent |
289 გვ.; |
| Other physical details |
24 სმ. |
| 500 ## - ზოგადი შენიშვნა |
| General note |
პარალ. სათ. ინგლ. |
| 504 ## - BIBLIOGRAPHY, ETC. NOTE |
| Bibliography, etc |
ბიბლიოგრ. თავების ბოლოს |
| 653 ## - INDEX TERM--UNCONTROLLED |
| Uncontrolled term |
წელიწდეული |
| 653 ## - INDEX TERM--UNCONTROLLED |
| Uncontrolled term |
ტარიელ ფუტკარაძე |
| 700 ## - ADDED ENTRY--PERSONAL NAME |
| Personal name |
ქობალიანი, გრიგოლ |
| Relator term |
პროექტის დირექტორი |
| 9 (RLIN) |
13620 |
| 700 ## - ADDED ENTRY--PERSONAL NAME |
| Personal name |
ბართაია, ნომადი |
| Relator term |
რედაქტორი |
| 9 (RLIN) |
2416 |
| 700 ## - ADDED ENTRY--PERSONAL NAME |
| Personal name |
ბებურიშვილი, ლევან და სხვ. |
| Relator term |
რედაქტორი |
| 9 (RLIN) |
15382 |
| 856 ## - ELECTRONIC LOCATION AND ACCESS |
| Uniform Resource Identifier |
https://dspace.nplg.gov.ge/bitstream/1234/371091/5/Weliwdeuli_2020_N12.pdf |
| Link text |
ელ. ვერსია, pdf |
| 942 ## - ADDED ENTRY ELEMENTS (KOHA) |
| Source of classification or shelving scheme |
|
| Koha item type |
წიგნი |